BIBLIOTECA

SENCICO

Repensando la educación superior con nuevas tecnologías de información y comunicación / (Registro nro. 370)

Detalles MARC
000 -LEADER
fixed length control field 01326nam a2200253Ia 4500
003 - CONTROL NUMBER IDENTIFIER
control field PE SENCICO BE
005 - DATE AND TIME OF LATEST TRANSACTION
control field 20251020182435.0
008 - FIXED-LENGTH DATA ELEMENTS--GENERAL INFORMATION
fixed length control field 200515s9999 xx 000 0 und d
020 ## - INTERNATIONAL STANDARD BOOK NUMBER
International Standard Book Number 958-8060-43-5
040 ## - CATALOGING SOURCE
Original cataloging agency PE SENCICO BE
Transcribing agency PE SENCICO BE
041 ## - LANGUAGE CODE
Language code of text/sound track or separate title spa
082 ## - DEWEY DECIMAL CLASSIFICATION NUMBER
Classification number 378
Item number E8
110 1# - MAIN ENTRY--CORPORATE NAME
Corporate name or jurisdiction name as entry element Escuela Colombiana de Ingeniería
9 (RLIN) 3051
245 10 - TITLE STATEMENT
Title Repensando la educación superior con nuevas tecnologías de información y comunicación /
Statement of responsibility, etc. Escuela Colombiana de Ingeniería
250 ## - EDITION STATEMENT
Edition statement 1a ed.
260 ## - PUBLICATION, DISTRIBUTION, ETC.
Place of publication, distribution, etc. Bogotá :
Name of publisher, distributor, etc. Escuela Colombiana de Ingeniería ;
Date of publication, distribution, etc. 2004
300 ## - PHYSICAL DESCRIPTION
Extent 147 páginas :
Other physical details gráficos ;
Dimensions 24 cm.
505 0# - FORMATTED CONTENTS NOTE
Formatted contents note Aprender y enseñar en compañía y con apoyo de Nuevas Tecnologías de Información y Comunicación NTIC -- Mesa redonda: paradigmas de la educación superior ¿se podrán evaluar? -- Entendiendo las ciencias a través de mapas conceptuales -- Mesa redonda: Uso de Nuevas Tecnologías de Información y Comunicación NTIC en la educación superior -- Cambios en el currículo de ingeniería con nuevas Tecnologías de Información y Comunicación NTIC
650 10 - SUBJECT ADDED ENTRY--TOPICAL TERM
Topical term or geographic name entry element Educación superior
9 (RLIN) 2690
650 20 - SUBJECT ADDED ENTRY--TOPICAL TERM
Topical term or geographic name entry element Tecnología de la información y la comunicación (TICS)
9 (RLIN) 302
650 20 - SUBJECT ADDED ENTRY--TOPICAL TERM
Topical term or geographic name entry element Aprendizaje
9 (RLIN) 2282
650 20 - SUBJECT ADDED ENTRY--TOPICAL TERM
Topical term or geographic name entry element Sociología de la educación
9 (RLIN) 2280
942 ## - ADDED ENTRY ELEMENTS (KOHA)
Koha item type Libros
Source of classification or shelving scheme Dewey Decimal Classification
Existencias
Fecha de la última vez que lo usaron Número de ingreso o de inventario Pago total Signatura topográfica completa Código de barras Precio efectivo desde Tipo de documento Estado perdido Sistema de clasificación Estado dañado No es para préstamo Retirado Ubicación permanente Ubicación actual Fecha de adquisición
15/05/2020 14081   378/E8 BibLima25040076 15/05/2020 Libros   Dewey Decimal Classification       Biblioteca Central Lima Biblioteca Central Lima 20/06/2008